| 000 | 00415nam a2200181Ia 4500 | ||
|---|---|---|---|
| 008 | 170203s9999 xx 000 0 und d | ||
| 020 | _a0-43923641X | ||
| 050 | _aFic | ||
| 050 | _b.B347 1958 | ||
| 100 | _aBaum, L. Frank | ||
| 245 | 4 | _aThe Wizard of Oz / | |
| 245 | _cFrank L. Baum | ||
| 260 | _aNew York : | ||
| 260 | _bScholastic Inc., | ||
| 260 | _c1958 | ||
| 300 | _a155 pages | ||
| 300 | _c160 pages | ||
| 999 |
_c305991 _d305991 |
||